| 000 | 00783cam a2200229 i 4500 | ||
|---|---|---|---|
| 005 | 20160116044648.0 | ||
| 008 | 030929s2004 njua b 001 0 eng | ||
| 020 | _a0470870931 (cloth : acidfree paper) | ||
| 040 |
_aDLC _cDLC _dDLC _dCO-BoIAVH |
||
| 041 | _aeng | ||
| 042 | _apcc | ||
| 044 | _axxu | ||
| 082 | 0 | 4 |
_a003.5 _bS17s |
| 100 | 1 | _aSaltelli, Andrea | |
| 245 | 1 | 0 |
_aSensitivity analysis in practice : _ba guide to assessing scientific models / _cAndrea Saltelli y (otros tres autores). |
| 260 |
_aHoboken, NJ : _bWiley, _cc2004. |
||
| 300 |
_axi, 219 p. : _bill. ; _c24 cm. |
||
| 504 | _aIncluye referencias bibliográficas e índice. | ||
| 650 | 1 | 4 | _aTeoría de la sensibilidad (Matemáticas) |
| 650 | 2 | 4 | _aMétodos de simulación |
| 942 |
_2ddc _cLIBRO |
||
| 999 |
_c5675 _d5675 |
||